=LDR 00000nam 2200000 4500 =001 INLIS000000000045270 =005 20200226023702 =035 ##$$a 0010-011500000000096 =008 200226################g##########0#ind## =020 ##$$a 979-3943-xx-x =082 ##$$a 158.1 =100 ##$$a OSTEEN JOEL =245 1#$$a Become a better you : $b Anda Menjadi Lebih Baik /$c Joel Osteen =260 ##$:$b MITRA MEDIA,$c 2008 =300 ##$$a XI; 388 HLM ; $c 15 x 23 cm =850 ##$$a NBPNMAT =084 ##$$a 158.1 OST b =990 ##$$a 00089136